000 00856nam a2200193Ia 4500
008 151121s9999||||xx |||||||||||||| ||und||
082 _a920/देवगि
082 _bHNW-15342
100 _aदेवगिरीकर त्र्यंबक रघुनाथ
245 _aवासुकाका जोशी व त्यांचा काल
260 _b"चित्रशाळा प्रकाशन, पुणे।"
260 _c--
300 _a622
600 _aदेवगिरीकर त्र्यंबक रघुनाथ
630 _aवासुकाका जोशी व त्यांचा काल
700 _aदेवगिरीकर त्र्यंबक रघुनाथ
730 _aवासुकाका जोशी व त्यांचा काल
942 _cBOOK
999 _c1218564
_d1218561